| 000 | 02288nam a2200265 4500 | ||
|---|---|---|---|
| 003 | co-ctgcurn | ||
| 005 | 20250329165503.0 | ||
| 007 | ta | ||
| 008 | 190415s2022 000 0 eng d | ||
| 040 |
_aCO-CtgCURN _bspa _ccoctgcurn |
||
| 082 | 0 |
_aODO 2022 _bB144 |
|
| 100 | 1 | _aBaena Aguilar, Zuleidis. | |
| 245 | 1 | 0 |
_aPercepción de la educación virtual en estudiantes de Odontología de la Corporación Universitaria Rafael Núñez / _cZuleidis Baena Aguilar; Mildred Yepez Jiménez; director: Carlos A. Leal Acosta. |
| 260 | _c2022. | ||
| 260 | 1 |
_aCartagena de Indias : : _bCorporación Universitaria Rafael Nuñez,, _c2022. |
|
| 300 | _a50 hojas. | ||
| 504 | _aTrabajo de grado (Odontologo).Corporación Universitaria Rafael Núñez. Facultad de Ciencias de Salud. Programa de Odontología, 2022. | ||
| 520 | _a"El gran desarrollo que han tenido las tecnologías ha venido impactado a las sociedades, este efecto de choque en el quehacer diario ha sido muy marcado. Por medio de un dispositivo electrónico las personas pueden comunicarse desde cualquier lugar del mundo y en tiempo real obtener información. Las tecnologías de la comunicación y de la información ha modificado la actitud de las nuevas generaciones creando una brecha con las anteriores donde el mundo no estaba tan intercomunicado y globalizado como lo es en el momento actual.Toda esta transformación dentro de cada sociedad debe ser tenida en cuenta por los gobiernos y por las instituciones educativas, de tal manera que se brinde una educación que vaya acorde a intereses y actitud de la nueva generación, sus demandas educativas no están siendo satisfechas con la educación presencial, existe disconformidad con la reglamentación institucional, al igual se da tal discrepancia con las estrategias pedagógicas implementadas en los procesos docentes." | ||
| 650 | 1 | 4 |
_aOdontología _vTesis y disertaciones academicas. |
| 700 | 1 | _aYepez Jiménez, Mildred. | |
| 700 | 1 |
_aLeal Acosta, Carlos A., _edirector. |
|
| 856 | 7 |
_zClick aqui para ver el recurso en texto completo _uhttps://unicurn.sharepoint.com/:b:/s/biblioteca/EcpmG6Q_oCtLsI-9b2yFgVMBRTWAvdLtkO8izWzy8YWBsg?e=WCEbI7 |
|
| 942 |
_2ddc _aTG _cTG _hODO 2022 _iB144 |
||
| 999 |
_c5627 _d5627 |
||